| 000 | 00621nam a22002177a 4500 | ||
|---|---|---|---|
| 003 | BUBTL | ||
| 008 | 180911b xxu||||| |||| 00| 0 eng d | ||
| 020 | _a978-93-325-3672-2 | ||
| 082 |
_a380.1 _bHUF |
||
| 100 |
_92008 _aHull, John C. |
||
| 245 |
_aFundamentals of Futures and Options Markets _cHull, John C. |
||
| 250 | _a8th | ||
| 260 |
_aIndia _bPearson _c2014 |
||
| 300 |
_a580p . : _bill , Chart , Table ; 23cm . _cFinance . |
||
| 500 | _aIncludes Index . | ||
| 650 | 0 |
_918 _aFinance |
|
| 700 |
_92009 _aHull, John C. |
||
| 856 |
_k0 _l0 _yDownload |
||
| 942 |
_2ddc _cBK |
||
| 999 |
_c5790 _d5790 |
||